000 02270cam a22004814i 4500
003 PE-LiUPU
005 20250731172917.0
008 150617s r 000 0 d
020 _a8470201786
035 _a(Sirsi) i9788470201783
040 _aPE-LiUPU
_bspa
_cPE-LiUPU
_erda
049 _aPRUA
082 0 4 _a262.15
_bB74
_221
100 1 _aBorobio, Dionisio,
_eautor.
245 1 0 _aMinisterios Laicales :
_bManual del cristiano comprometido /
_cDionisio Borobio.
264 1 _aMadrid :
_bSociedad de Educación Atenas,
_c1986.
300 _a213 páginas ;
_c21 centímetros
336 _atext
_2rdacontent
337 _aunmediated
_2rdamedia
338 _avolume
_2rdacarrier
490 0 _aEdelweiss ;
_v4
504 _aIncluye bibliografía.
505 0 _a"Volver a empezar": La fuerza de la situación actual -- "Un cuerpo con miembros": Iglesia - comunidad - ministerios -- "Alguien tiene que dirigir": La identidad del presbítero -- "Lecciones de la historia": Redescubrir los ministerios laicales -- "La importancia del comenzar": Los ministerios laicales en El Vaticano II -- "La tarea es de todos": Ministerios y corresponsabiblidad -- Una respuesta urgente: servicios y ministerios para hoy -- "No se nace de la nada": Cuestiones pendientes. Clarificaciones necesarias -- El ministerio del responsable -- El ministerio y el servicio del catequista -- El ministerio y el servicio del animador litúrgico -- El ministerio y el servicio del asistente -- Comunidad ministerial en medio del mundo -- ¿Manual del cristiano comprometido?.
526 _aSEG42
526 _aSEG41
526 _aSEG40
526 _aSEG39
526 _aP94
526 _aP87
526 _aP86
526 _aP85
526 _aP77
526 _aP76
526 _aP35
650 0 4 _aPredicación.
910 _ajck
_bjvq
_cjck
_d20150616
942 _2ddc
_cBOOK
949 _a262.15 B74
_wDEWEY
_c1
_i27589
_lCCODEBUL1
_mBUL
_r0
_sY
_tBOOK
_u2015-4-22
_xTEOLOGIA
_PP35
_0COMPRA
_o.STAFF. Colección General
994 _aC0
_bPEPRU
596 _a1
999 _a262.15 B74
_wDEWEY
_c18675
_i27589
_f2021-11-12
_g5
_lCCODEBUL1
_mBUL
_r0
_sY
_tBOOK
_u2015-4-22
_xTEOLOGIA
_PP35
_0COMPRA
_o.STAFF. Colección General
_d18675
980 _81
_gALBERTO SANCHEZ Responsable de Automatización